<The> Growing Economy Being Volume Two of A: Principles of Political Economy

Guardado en:
Detalles Bibliográficos
Autor principal: Meade, J.E
Formato: Libro
Lenguaje:inglés
Publicado: Chicago Aldine Publ. Co. 1968
Edición:1. ed.
Materias:
Etiquetas: Agregar Etiqueta
Sin Etiquetas, Sea el primero en etiquetar este registro!

MARC

LEADER 00000nam a2200000 4500
001 c012500
005 20221207074623.1
041 0 |a eng 
044 |a US 
245 1 0 |a <The> Growing Economy  |b Being Volume Two of A: Principles of Political Economy  |c J.E. Meade 
250 |a 1. ed. 
264 1 |a Chicago  |b Aldine Publ. Co.  |c 1968 
300 |a 512 s. 
610 2 0 |a rast hospodársky 
610 2 0 |a ekonómia politická 
610 2 0 |a pokrok technický 
610 2 0 |a rast hospodársky dlhodobý 
610 2 0 |a populácia 
610 2 0 |a úroveň životná 
610 2 0 |a ekonómia politická kapitalizmu 
610 2 0 |a peniaze 
610 2 0 |a ceny 
100 1 |a Meade, J.E.